1000 Bible study outlines. (Record no. 668)

000 -LEADER
fixed length control field 00681nam a2200205 a 4500
001 - CONTROL NUMBER
control field :::00013824$&:&@@
003 - CONTROL NUMBER IDENTIFIER
control field OkBaRHE
005 - DATE AND TIME OF LATEST TRANSACTION
control field 20100324135547.0
008 - FIXED-LENGTH DATA ELEMENTS--GENERAL INFORMATION
fixed length control field s1970 j 000 0 eng u
020 ## - INTERNATIONAL STANDARD BOOK NUMBER
International Standard Book Number 082543209X
040 ## - CATALOGING SOURCE
Transcribing agency
100 1# - MAIN ENTRY--PERSONAL NAME
Personal name Marsh, F. E. (Frederick Edward), 1858-1919.
245 10 - TITLE STATEMENT
Title 1000 Bible study outlines.
Statement of responsibility, etc Foreword by F.B. Meyer.
250 ## - EDITION STATEMENT
Edition statement [1st American ed.]
260 ## - PUBLICATION, DISTRIBUTION, ETC. (IMPRINT)
Place of publication, distribution, etc Grand Rapids, MI., :
Name of publisher, distributor, etc Kregel Publications
Date of publication, distribution, etc 1970
300 ## - PHYSICAL DESCRIPTION
Extent xx, 473 p. ;
Dimensions 23 cm.
650 ## - SUBJECT ADDED ENTRY--TOPICAL TERM
Topical term or geographic name as entry element Bible
General subdivision Outlines, syllabi, etc.
942 ## - ADDED ENTRY ELEMENTS (KOHA)
Source of classification or shelving scheme
Koha item type Books
Copies
Source of classification or shelving scheme Copy number Barcode Koha item type Date last seen Full call number Collection code Shelving location Price effective from Not for loan Damaged status Permanent Location Date acquired Lost status Withdrawn status
 113824Books2010-04-14BS 592 .M37 1970ReferenceGeneral Stacks2010-04-14  RHEMA Bible Training College2010-04-14